000 00561nam a2200181Ia 4500
008 100921s9999 xx 000 0 und d
082 _b18273
_a891.463 थ 83
100 _aकर्णिक मधु मंगेश.
245 _aलामणदिवा.
260 _bउदयदिप प्रकाशन,मुंबई.
_c1983
300 _a196
_b---
365 _b30
520 _aललित-कथा.
630 _aलामणदिवा.
650 _aललित-कथा.
730 _aलामणदिवा.
942 _cBOOK
999 _c767386
_d767383